[Event "PriFO Champ RUS 2012"]
[Site "Tolyatti RUS"]
[Date "2012.03.06"]
[Round "9.20"]
[White "Tatarinov,Dmitry"]
[Black "Kozionov,Kirill"]
[Result "1/2-1/2"]
[WhiteElo "2233"]
[BlackElo "2209"]

1.Nf3 d5 2.c4 c6 3.d4 Nf6 4.Nc3 e6 5.g3 Be7 6.Bg2 Nbd7 7.O-O O-O 8.Nd2 b6
9.e4 Ba6 10.e5 Ne8 11.Re1 Rc8 12.cxd5 cxd5 13.Nf1 Nc7 14.a4 Nb8 15.Qg4 Kh8
16.Ne3 Nc6 17.h4 f6 18.exf6 Bxf6 19.Rd1 Qe7 20.b3 Qf7 21.Ra2 Be7 22.Rc2 Nb4
23.Rcd2 Ne8 24.Nb5 Bxb5 25.axb5 Nd6 26.Qe2 Ne4 27.Bxe4 dxe4 28.Nc4 Nd3 29.Ra2 Qg6
30.h5 Qf5 31.Be3 Qxb5 32.Rxa7 Rce8 33.Ne5 Qxb3 34.Nxd3 exd3 35.Rxd3 Qd5 36.h6 Bf6
37.hxg7+ Bxg7 38.Rc3 Ra8 39.Rcc7 Rxa7 40.Rxa7 b5 41.Qc2 Ra8 42.Qc7 Rg8 43.Qf7 Qf5
44.Qxf5 exf5 45.d5 Rb8 46.d6 b4 47.d7 Bf6 48.Rc7 Rd8 49.Rb7 b3 50.Bb6 Ra8
51.Bc7 b2 52.Kg2 Kg8 53.Kf3 Bd8 54.Be5 Kf7 55.Bxb2 Ke6 56.Bc1 Ra5 57.Rb8 Kxd7
58.Rb7+ Ke6 59.Rxh7 Ra4  1/2-1/2

[Event "Zagreb Open A"]
[Site "Zagreb CRO"]
[Date "2012.03.06"]
[Round "2.20"]
[White "Sertic,Ru"]
[Black "Graziani,Claudio"]
[Result "1-0"]
[WhiteElo "2396"]
[BlackElo "2214"]

1.Nf3 d5 2.c4 d4 3.g3 Nc6 4.d3 e5 5.Bg2 Bb4+ 6.Bd2 a5 7.O-O Nf6 8.Na3 O-O
9.Nc2 Bxd2 10.Qxd2 Re8 11.Ng5 Bf5 12.Ne4 Nxe4 13.dxe4 Be6 14.b3 Qe7 15.f4 f6
16.f5 Bf7 17.a4 Ra6 18.g4 Rb6 19.Rf3 Nb4 20.Ne1 Na6 21.Qc2 Nc5 22.Rb1 g5
23.h4 h6 24.Rh3 Kg7 25.Kf2 Rd8 26.Nd3 Be8 27.Rbh1 Nxd3+ 28.Qxd3 Qb4 29.Rf3 Rdd6
30.Rc1 Qc5 31.Kg3 Bf7 32.Rcf1 Ra6 33.Kh2 Ra8 34.Rh3 Rdd8 35.Rh1 Rh8 36.Bf1 Rad8
37.Kg2 Qb4 38.Kf2 Rdg8 39.Bg2 Qc5 40.R1h2 b6 41.Bf3 Qb4 42.Qd1 Rd8 43.Bg2 Qc5
44.Rd3 Rh7 45.Qh1 Rdh8 46.Kf1 Bg8 47.Kf2 Kf8 48.Rhh3 Qe7 49.Bf3 c5 50.Rh2 Kg7
51.Qg1 Bf7 52.Qg3 Be8 53.Rd1 Bc6 54.Rh3 Qb7 55.Qg2 Kg8 56.Rdh1 Qg7 57.R1h2 Be8
58.Qh1 Bd7 59.e3 gxh4 60.exd4 cxd4 61.Rxh4 Qg5 62.Qe1 Kg7 63.Qe2 Rd8 64.Qd3 Rhh8
65.Rh1 Qf4 66.Ke2 Qg5 67.R4h2 Rc8 68.Ra1 Qf4 69.Rh3 Rhg8 70.Rah1 Rh8 71.Ra1 Kf8
72.Rah1 Kg7 73.Ra1 Rc7 74.Kf2 Be8 75.Ke2 Kf8 76.Rg1 Rg7 77.Rgh1 Rd7 78.Rh4 Qg5
79.R4h3 Bf7 80.Kf2 Ke7 81.Ke2 Qf4 82.Qd2 Qe3+ 83.Qxe3 dxe3 84.Kxe3 Rhd8 85.Be2 Rd2
86.Rb1 R8d4 87.Rxh6 Be8 88.g5 fxg5 89.Re6+ Kd7 90.Rxe5 Bh5 91.Bf1 Kc7 92.c5 g4
93.cxb6+ Kxb6 94.f6 Bg6 95.Bc4 Rd1 96.Rxd1 Rxd1 97.f7 Rd8 98.Re6+  1-0

[Event "European Ind w 2012"]
[Site "Gaziantep TUR"]
[Date "2012.03.10"]
[Round "8"]
[White "Galojan,L"]
[Black "Ivakhinova,I"]
[Result "0-1"]
[WhiteElo "2364"]
[BlackElo "2285"]

1.Nf3 d5 2.c4 c6 3.e3 Nf6 4.Nc3 e6 5.b3 Nbd7 6.Bb2 Bd6 7.Qc2 O-O 8.Be2 Qe7
9.d4 dxc4 10.bxc4 e5 11.O-O Re8 12.Rfd1 e4 13.Nd2 Nf8 14.c5 Bc7 15.Ba3 Ng6
16.Nc4 Nd5 17.Nxd5 cxd5 18.Nd6 Bxd6 19.cxd6 Qg5 20.Kh1 Nh4 21.Rg1 Qf6 22.Qb3 Be6
23.Rac1 Red8 24.Rc2 Re8 25.Rcc1 Red8 26.Rc2 h6 27.Rgc1 Rac8 28.Bf1 Rxc2 29.Rxc2 Rc8
30.Rd2 b6 31.Qa4 a5 32.Qb3 Rb8 33.Qb5 Qg5 34.d7 Qd8 35.Bd6 Rb7 36.Rc2 Rxd7
37.Bg3 Nf5 38.Be5 Nd6 39.Bxd6 Rxd6 40.Qa6 Qb8 41.Bb5 Kh7 42.Bc6 Bc8 43.Qe2 Bd7
44.Bb5 Qe8 45.Bxd7 Qxd7 46.h3 f5 47.Qa6 Rf6 48.Qc8 Qb5 49.Kh2 f4 50.exf4 Rxf4
51.Qb8 Rf6 52.Rc8 Qd7 53.Rh8+ Kg6 54.Qg3+ Kf7 55.Kg1 Qd6 56.Qb3 Qc6 57.Rd8 Qc1+
58.Kh2 Qc7+  0-1

[Event "European Ind w 2012"]
[Site "Gaziantep TUR"]
[Date "2012.03.10"]
[Round "8"]
[White "Vojinovic,J"]
[Black "Bezgodova,M"]
[Result "1-0"]
[WhiteElo "2356"]
[BlackElo "2200"]

1.Nf3 d5 2.c4 e6 3.g3 c5 4.Bg2 Nc6 5.O-O Nf6 6.d3 Be7 7.e3 O-O 8.b3 e5 9.Nc3 Bg4
10.h3 Bc8 11.cxd5 Nxd5 12.Nxd5 Qxd5 13.Nd4 Qd6 14.Nxc6 bxc6 15.Qc2 Ba6 16.Rd1 Rad8
17.Ba3 Bxd3 18.Qc3 e4 19.Rac1 Bf6 20.Qa5 Rfe8 21.Bxc5 Qd7 22.Rd2 a6 23.Rcd1 Qf5
24.Rc1 h6 25.Qa3 Rd5 26.b4 Red8 27.Rcd1 Bc4 28.Rxd5 Rxd5 29.Rxd5 Qxd5 30.Qc1 Be5
31.a3 f5 32.Bf1 Bd3 33.Qd1 Bc4 34.Qc1 Bd3 35.Qd1 Qc4 36.Bg2 Kh7 37.h4 g6
38.Bh3 Qc3 39.h5 Qxa3 40.hxg6+ Kxg6 41.Bxf5+ Kxf5 42.Qh5+ Kf6 43.Qxh6+ Kf5
44.g4+ Kxg4 45.Qg6+  1-0

[Event "Reykjavik Open"]
[Site "Reykjavik ISL"]
[Date "2012.03.10"]
[Round "5.5"]
[White "Thorfinnsson,Br"]
[Black "Coleman,T"]
[Result "1-0"]
[WhiteElo "2421"]
[BlackElo "2356"]

1.Nf3 d5 2.c4 c6 3.g3 Bg4 4.Bg2 e6 5.cxd5 exd5 6.O-O Nf6 7.d3 Be7 8.Nbd2 Nbd7
9.h3 Bh5 10.Nh4 Bg6 11.e4 dxe4 12.dxe4 Nc5 13.e5 Nd5 14.Nxg6 hxg6 15.Nc4 O-O
16.Qe2 Qc8 17.Ne3 Rd8 18.f4 Ne6 19.Nc2 Qc7 20.Kh2 Rd7 21.h4 Bc5 22.Bd2 Qb6
23.Rab1 Re8 24.b4 Bf8 25.Rfd1 Qc7 26.Be1 Ndxf4 27.gxf4 Rxd1 28.Rxd1 Nxf4
29.Qe4 Nxg2 30.Bg3 Nxh4 31.Qxh4 Qb6 32.Kg2 Be7 33.Qh3 Qb5 34.Rh1 Qd5+ 35.Kg1 f6
36.Ne3 Bc5 37.bxc5 Qxc5 38.Kf2 fxe5 39.Kg2 Qxe3 40.Qh7+ Kf7 41.Rf1+ Ke6 42.Qxg6+ Kd7
43.Rd1+ Kc7 44.Qd6+  1-0

[Event "Reykjavik Open"]
[Site "Reykjavik ISL"]
[Date "2012.03.10"]
[Round "5.30"]
[White "Arjun,B"]
[Black "Arngrimsson,D"]
[Result "1-0"]
[WhiteElo "2210"]
[BlackElo "2361"]

1.Nf3 d5 2.c4 c6 3.cxd5 cxd5 4.d4 Nf6 5.Nc3 Nc6 6.Bf4 a6 7.Rc1 Bf5 8.e3 Rc8
9.Ne5 e6 10.Be2 Qb6 11.O-O Qxb2 12.Na4 Qb4 13.Bxa6 bxa6 14.Nxc6 Qb5 15.Na7 Rxc1
16.Qxc1 Be7 17.Qc8+ Bd8 18.Nc3 Qb6 19.Na4 Qb5 20.Nc5 O-O 21.a4 Qb2 22.Qxa6 Be7
23.Qb5 Qa3 24.a5 Ne4 25.Nxe4 Bxe4 26.Nc6 g5 27.Be5 f6 28.Bg3 Bd3 29.Nxe7+ Kf7
30.Bd6 Bxb5 31.Bxa3 Bxf1 32.Kxf1 Ra8 33.Nc6 Ke8 34.Bc5 Kd7 35.Na7 Kc7 36.Bb6+ Kb7
37.Nb5 Kc6 38.Nc7  1-0

[Event "Zagreb Open A"]
[Site "Zagreb CRO"]
[Date "2012.03.10"]
[Round "6.5"]
[White "Saric,A"]
[Black "Sulava,N"]
[Result "1-0"]
[WhiteElo "2523"]
[BlackElo "2497"]

1.Nf3 d5 2.c4 dxc4 3.e3 Be6 4.Na3 Nf6 5.Bxc4 Bxc4 6.Nxc4 e6 7.Qb3 Qc8 8.d4 Be7
9.Bd2 O-O 10.Rc1 Nbd7 11.O-O c5 12.Nce5 Nxe5 13.Nxe5 Qb8 14.Bc3 Bd6 15.Nf3 cxd4
16.Bxd4 Nd7 17.Qb5 Rd8 18.Qh5 f6 19.e4 Be7 20.Qg4 Nf8 21.h4 Kh8 22.h5 h6
23.Be3 Rd7 24.Rfd1 Qe8 25.Rxd7 Qxd7 26.Nh4 Rc8 27.Rd1 Qa4 28.Ng6+ Nxg6 29.hxg6 f5
30.Qh5 Bf8 31.exf5 exf5 32.Rd4 Qc2 33.Rd7 Qe4 34.g3 Kg8 35.Qh1 Qxh1+ 36.Kxh1 b5
37.Rxa7 Rc6 38.Ra8 Rxg6 39.Bc5 Rf6 40.b3  1-0

[Event "ch-Moscow Final 2012"]
[Site "Moscow RUS"]
[Date "2012.03.11"]
[Round "2"]
[White "Stukopin,A"]
[Black "Demidov,M"]
[Result "1-0"]
[WhiteElo "2485"]
[BlackElo "2441"]

1.c4 d5 2.Nf3 e6 3.g3 Nf6 4.Bg2 Be7 5.O-O O-O 6.Qc2 c6 7.d4 Nbd7 8.Rd1 b6
9.Nc3 Ba6 10.b3 b5 11.c5 b4 12.Na4 Bb5 13.a3 a5 14.e3 Qb8 15.Bd2 Ne4 16.Be1 f5
17.axb4 axb4 18.Nb2 g5 19.Bxb4 g4 20.Rxa8 Qxa8 21.Nd2 Qa6 22.Nxe4 fxe4 23.Bc3 Be2
24.Re1 Bf3 25.b4 Qc8 26.Ra1 Qe8 27.Ra7 Rf6 28.Bxf3 gxf3 29.Kf1 Rh6 30.h4 Bxh4
31.gxh4 Qb8 32.Rxd7 Qh2 33.Ke1 Qg1+ 34.Kd2 Qxf2+ 35.Kc1 Qxc2+ 36.Kxc2 f2
37.b5 f1=Q 38.bxc6 Rf6 39.c7 Rf2+ 40.Bd2 Rf8 41.Rd8 Qa6 42.c8=Q Qxc8 43.Rxc8 Rxc8
44.Na4 Kf7 45.Nb6 Rb8 46.Be1 Ke8 47.Bg3 Rb7 48.Kc3 Kd8 49.Kb4 Rg7 50.Be5  1-0

[Event "Reykjavik Open"]
[Site "Reykjavik ISL"]
[Date "2012.03.11"]
[Round "6.23"]
[White "Arnold,Mar"]
[Black "Vaarala,E"]
[Result "1-0"]
[WhiteElo "2502"]
[BlackElo "2241"]

1.Nf3 d5 2.c4 c6 3.e3 e6 4.b3 f5 5.Be2 Nf6 6.O-O Bd6 7.Ba3 O-O 8.d4 b6 9.Qc1 Bb7
10.Nbd2 Qe7 11.Bxd6 Qxd6 12.Ne5 Nbd7 13.Qb2 Ne4 14.Ndf3 Ndf6 15.b4 Rab8 16.Rac1 Rfc8
17.Ne1 Qe7 18.N1d3 Nd6 19.c5 Nf7 20.Nxf7 Qxf7 21.a4 Nd7 22.Qa3 bxc5 23.bxc5 Qf6
24.Qc3 Ba6 25.Ne5 Bxe2 26.Nxd7 Qg6 27.Ne5 Qg5 28.Rfe1 Bh5 29.Rb1 Be8 30.Rb4 Qd8
31.Reb1 Rxb4 32.Qxb4 Kf8 33.a5 Rc7 34.a6 Ke7 35.Qa5 Qc8 36.h3 Kf8 37.Kh2 h5
38.h4 Ke7 39.Kg3 Kf8 40.Kf4 Re7 41.Qa3 Rc7 42.g3 Kg8 43.Rb4 Kf8 44.Rb6 g5+
45.hxg5 Rg7 46.Qb4 Qd8 47.g6 h4 48.Rb8 Qf6 49.Rxe8+ Kxe8 50.Qb8+ Qd8 51.Qxd8+ Kxd8
52.gxh4 Ke7 53.Kg5 Kf8 54.h5 Rc7 55.h6  1-0

[Event "Reykjavik Open"]
[Site "Reykjavik ISL"]
[Date "2012.03.11"]
[Round "7.34"]
[White "Arjun,B"]
[Black "Coleman,T"]
[Result "0-1"]
[WhiteElo "2210"]
[BlackElo "2356"]

1.Nf3 d5 2.c4 c6 3.cxd5 cxd5 4.d4 Nf6 5.Nc3 Nc6 6.Bf4 a6 7.Rc1 Bf5 8.e3 Qb6
9.b3 e6 10.Bd3 Ba3 11.Bxf5 Bxc1 12.Qxc1 exf5 13.O-O Rc8 14.Na4 Qd8 15.Qa3 Ne4
16.Nc5 Qe7 17.b4 O-O 18.Qb3 Rfd8 19.Rd1 Nb8 20.Bxb8 Rxb8 21.Ne5 a5 22.a3 axb4
23.axb4 f6 24.Ned3 b6 25.Na4 Qb7 26.b5 Ra8 27.Ra1 Rdc8 28.f3 Nd2 29.Qb4 Nc4
30.Re1 Qa7 31.Nc3 Qa3 32.Nxd5 Qxd3 33.Ne7+ Kh8 34.Nxc8 Rxc8 35.Qe7 h6 36.h4 Qd2
37.Kf1 Nb2 38.Qe6 Rc2  0-1

[Event "TCh-SWE 2011-12"]
[Site "Sweden SWE"]
[Date "2012.03.11"]
[Round "9"]
[White "Agrest,E"]
[Black "Grandelius,N"]
[Result "1-0"]
[WhiteElo "2599"]
[BlackElo "2536"]

1.Nf3 d5 2.c4 e6 3.g3 Nf6 4.Bg2 dxc4 5.Qa4+ c6 6.Qxc4 b5 7.Qb3 Bb7 8.O-O Nbd7
9.d4 a6 10.Ne5 Nxe5 11.dxe5 Nd7 12.Nc3 Qc7 13.Bf4 c5 14.Ne4 Nxe5 15.a4 b4
16.Rfc1 c4 17.Bxe5 Qxe5 18.Qxc4 Rd8 19.Nf6+ gxf6 20.Bxb7 Bh6 21.Qxb4 Qd6
22.Qxd6 Rxd6 23.Rc8+ Rd8 24.Rxd8+ Kxd8 25.Bxa6 Ke7 26.Bb7 Rb8 27.Bf3 f5 28.a5 e5
29.Bd5 Kd6 30.Bxf7  1-0

[Event "UTD GM Invitational"]
[Site "Richardson USA"]
[Date "2012.03.12"]
[Round "4"]
[White "Sadorra,J"]
[Black "Kacheishvili,G"]
[Result "1-0"]
[WhiteElo "2525"]
[BlackElo "2612"]

1.Nf3 d5 2.c4 d4 3.b4 c5 4.e3 dxe3 5.fxe3 cxb4 6.a3 bxa3 7.Bxa3 Nf6 8.Nc3 g6
9.Be2 Bg7 10.O-O O-O 11.Rb1 Nc6 12.d4 b6 13.Kh1 Bf5 14.Rb5 Rc8 15.Ne5 Ne4
16.Nxe4 Bxe4 17.Nf3 Na5 18.c5 Bh6 19.cxb6 axb6 20.Re5 Bc2 21.Qe1 Nc6 22.Rb5 Ba4
23.Rb2 Bxe3 24.Ba6 Bxd4 25.Rd2 Rc7 26.Nxd4 Nxd4 27.Bb2 Qa8 28.Rxd4 Qxa6 29.Rxa4 Qxa4
30.Qe5 f6 31.Qxc7 Qb5 32.Qc1 Qc5 33.Qd2 Rc8 34.h3 b5 35.Rc1 Qf5 36.Rxc8+ Qxc8
37.Qd5+ Kg7 38.Qxb5 Qe6 39.Qc5 Kf7 40.Bc3 h5 41.Kg1 h4 42.Qd4 g5 43.Qd3 Kg7
44.Kf2 Qc6 45.Qf3 Qc5+ 46.Qe3 Qf5+ 47.Qf3 Qc5+ 48.Ke2 Kf7 49.Kd2 Qd6+ 50.Kc2 Qc5
51.Qe4 Qf2+ 52.Kb3 Qg3 53.Qd5+ Kf8 54.Kc4 g4 55.Bb4 Qc7+ 56.Qc5 Qf4+ 57.Kb3 Qg3+
58.Ka4 gxh3 59.Qxe7+ Kg8 60.Qe8+ Kh7 61.Qf7+ Qg7 62.Qxg7+ Kxg7 63.gxh3 Kg6
64.Be1 Kg5 65.Kb4  1-0

[Event "ch-Moscow Final 2012"]
[Site "Moscow RUS"]
[Date "2012.03.13"]
[Round "4"]
[White "Gordievsky,D"]
[Black "Mesropov,K"]
[Result "1/2-1/2"]
[WhiteElo "2397"]
[BlackElo "2424"]

1.Nf3 d5 2.c4 d4 3.b4 g6 4.Bb2 Bg7 5.e3 e5 6.d3 dxe3 7.fxe3 Nd7 8.Na3 Ngf6
9.Nd2 O-O 10.Nc2 c5 11.a3 e4 12.d4 cxd4 13.Bxd4 Qc7 14.Be2 Ne5 15.O-O Bf5
16.h3 Rad8 17.Qe1 Nc6 18.Qh4 Nxd4 19.Nxd4 Qe5 20.N2b3 Bc8 21.Rad1 h6 22.Rd2 a6
23.Rfd1 Rde8 24.Na5 g5 25.Qf2 g4 26.hxg4 Nxg4 27.Bxg4 Bxg4 28.Rf1 Qh5 29.Ne2 Bxe2
30.Qxe2 Qh4 31.Rf4 Qe7 32.Rf5 Rd8 33.c5 Rxd2 34.Qxd2 Rd8 35.Rd5 Rxd5 36.Qxd5 Qh4
37.Nc4 Qe1+ 38.Kh2 Qh4+ 39.Kg1 Qe1+ 40.Kh2 Qh4+ 41.Kg1  1/2-1/2

[Event "ch-Moscow Final 2012"]
[Site "Moscow RUS"]
[Date "2012.03.14"]
[Round "5"]
[White "Mozharov,M"]
[Black "Stukopin,A"]
[Result "1-0"]
[WhiteElo "2474"]
[BlackElo "2485"]

1.Nf3 d5 2.c4 c6 3.e3 Nf6 4.d4 e6 5.Bd3 Nbd7 6.O-O Bd6 7.Nbd2 O-O 8.e4 dxe4
9.Nxe4 Nxe4 10.Bxe4 h6 11.Bc2 c5 12.Qd3 Nf6 13.Be3 Qc7 14.Qc3 Ng4 15.h3 Nxe3
16.fxe3 b6 17.Qd3 f5 18.e4 cxd4 19.exf5 exf5 20.Nh4 Qc5 21.Rae1 Bd7 22.Kh1 Rae8
23.b4 Qc8 24.Rxe8 Qxe8 25.c5 bxc5 26.bxc5 Bb5 27.Qb3+ Kh8 28.Rb1 d3 29.cxd6 dxc2
30.Qxc2 Bc6 31.Qc5 Kh7 32.Rc1 Be4 33.d7 Qd8 34.Qxf8 Qxh4 35.Qa3 Qf2 36.Rg1 Qd2
37.Qe7 Qd3 38.Kh2 Qd2 39.d8=Q Qf4+ 40.Kh1 Bxg2+ 41.Kxg2  1-0

[Event "European Ind w Rapid 2012"]
[Site "Gaziantep TUR"]
[Date "2012.03.15"]
[Round "1"]
[White "Lahno,Kateri"]
[Black "Kashlinskaya,A"]
[Result "1-0"]
[WhiteElo "2546"]
[BlackElo "2377"]

1.Nf3 d5 2.c4 d4 3.b4 g6 4.d3 a5 5.b5 a4 6.g3 Bg7 7.Bg2 e5 8.O-O Ne7 9.Bb2 O-O
10.Na3 Nd7 11.Nc2 Re8 12.Qd2 Nf5 13.Rad1 Nc5 14.Ba3 Bh6 15.Qe1 Bf8 16.e4 dxe3
17.fxe3 Nxd3 18.Qc3 Bxa3 19.Rxd3 Bd6 20.Nd2 Qe7 21.Ne4 Bc5 22.g4 Nh4 23.Nf6+ Kg7
24.Nxe8+ Qxe8 25.Rd5 Bd6 26.c5  1-0

[Event "European Ind w Rapid 2012"]
[Site "Gaziantep TUR"]
[Date "2012.03.15"]
[Round "3"]
[White "Lahno,Kateri"]
[Black "Javakhishvili,L"]
[Result "1/2-1/2"]
[WhiteElo "2546"]
[BlackElo "2448"]

1.Nf3 d5 2.c4 d4 3.b4 a5 4.b5 f6 5.e3 e5 6.Bb2 c5 7.Bd3 Bd6 8.Qc2 Ne7 9.O-O g6
10.Na3 O-O 11.exd4 exd4 12.Be4 Nd7 13.Rfe1 Rb8 14.d3 b6 15.Qd2 Qc7 16.Qh6 f5
17.Bc6 Nf6 18.Bc1 f4 19.Ng5 Nf5 20.Qh3 Ne3 21.Qh4 Nf5 22.Qh3 h6 23.Ne4 Be5
24.Nxf6+ Bxf6 25.Qf3 g5 26.Qh5 Kg7 27.Bd2 Ne7 28.Be4 Bf5 29.Bxf5 Nxf5 30.Re6 Qf7
31.Qxf7+ Kxf7 32.Rae1 Rfe8 33.Rxe8 Rxe8  1/2-1/2

[Event "European Ind w Rapid 2012"]
[Site "Gaziantep TUR"]
[Date "2012.03.15"]
[Round "5"]
[White "Guramishvili,S"]
[Black "Javakhishvili,L"]
[Result "1-0"]
[WhiteElo "2395"]
[BlackElo "2448"]

1.Nf3 d5 2.c4 d4 3.b4 a5 4.b5 f6 5.e3 e5 6.exd4 exd4 7.g3 Bc5 8.Bg2 Ne7 9.O-O O-O
10.d3 a4 11.Na3 c6 12.bxc6 Nbxc6 13.Nb5 Na7 14.Qxa4 Bf5 15.Qb3 Qd7 16.Ba3 Bxa3
17.Nxa3 Nac6 18.Nc2 g5 19.Rfd1 Bg4 20.Rd2 Rfd8 21.Re1 Ng6 22.Re4 Bf5 23.Rxd4 Nxd4
24.Nfxd4 Bh3 25.c5+ Kh8 26.Bxb7 Rxa2 27.Qxa2 Qxb7 28.c6 Qb6 29.Qb3 Qc5 30.Qf7 Rf8
31.Qc4 Qb6 32.Qb5 Qa7 33.Re2 Rb8 34.Qc4 Ne5 35.Rxe5 fxe5 36.Nb5 Qa5 37.c7 Rxb5
38.c8=Q+ Bxc8 39.Qxc8+ Kg7 40.Qd7+ Kg6 41.Qe6+ Kg7 42.Ne3 Qa1+ 43.Kg2 Qa8+
44.Kh3 Qb7 45.Nf5+ Kf8 46.Qh6+ Kg8 47.Qxg5+ Kf8 48.Qd8+  1-0

[Event "European Ind w Rapid 2012"]
[Site "Gaziantep TUR"]
[Date "2012.03.15"]
[Round "9"]
[White "Lahno,Kateri"]
[Black "Paikidze,N"]
[Result "1/2-1/2"]
[WhiteElo "2546"]
[BlackElo "2406"]

1.Nf3 d5 2.c4 c6 3.g3 Nf6 4.Bg2 dxc4 5.O-O e6 6.Qc2 Be7 7.Qxc4 b5 8.Qb3 Bb7
9.d4 O-O 10.Nc3 Nbd7 11.Rd1 Qb6 12.Bg5 h6 13.Bxf6 Nxf6 14.Ne5 Rfd8 15.e3 Rab8
16.a4 a6 17.Ne4 Nxe4 18.Bxe4 c5 19.dxc5 Qxc5 20.Rxd8+ Rxd8 21.Bxb7 Qxe5 22.Bxa6 bxa4
23.Rxa4 Rb8 24.Bb7 Bf6 25.Rb4 Qc5 26.Rb5 Qc1+ 27.Kg2 g6 28.Be4 Rxb5 29.Qxb5 Qxb2
30.Qxb2  1/2-1/2

[Event "ch-Moscow Final 2012"]
[Site "Moscow RUS"]
[Date "2012.03.15"]
[Round "6"]
[White "Demidov,M"]
[Black "Kachar,V"]
[Result "0-1"]
[WhiteElo "2441"]
[BlackElo "2326"]

1.Nf3 d5 2.c4 d4 3.g3 Nc6 4.Bg2 e5 5.d3 Nf6 6.O-O Nd7 7.e3 Bc5 8.exd4 Nxd4
9.Re1 Nxf3+ 10.Qxf3 O-O 11.Nc3 c6 12.Be3 Bxe3 13.Qxe3 Qb6 14.b3 Nc5 15.Rad1 Bg4
16.Bf3 Bxf3 17.Qxf3 Ne6 18.Ne2 Rad8 19.Qe3 Qa5 20.Qd2 Qxd2 21.Rxd2 Ng5 22.Kg2 e4
23.Red1 Nf3 24.Rb2 Rxd3 25.Rxd3 Ne1+ 26.Kf1 Nxd3 27.Rd2 f5 28.Nf4 Nxf4 29.gxf4 g6
30.Ke2 Rf7 31.Rd8+ Kg7 32.Ke3 c5 33.Rd5 Rc7 34.Rd8 Kh6 35.f3 exf3 36.Kxf3 Re7
37.a3 Rc7 38.Rd5 Kh5 39.h4 b6 40.Re5 Rd7 41.Rd5 Re7 42.Re5 Rxe5 43.fxe5 Kh6
44.Kf4 Kg7 45.h5 Kf7 46.b4 gxh5 47.Kxf5 h4  0-1

[Event "ch-CZE U20 2012"]
[Site "Kouty nad Desnou CZE"]
[Date "2012.03.17"]
[Round "11"]
[White "Plat,V"]
[Black "Gabriel,Ad"]
[Result "0-1"]
[WhiteElo "2436"]
[BlackElo "2106"]

1.Nf3 d5 2.c4 c6 3.e3 Nf6 4.d4 a6 5.Nc3 b5 6.b3 Bg4 7.Bd3 e6 8.h3 Bh5 9.c5 Nbd7
10.Bb2 Qc7 11.Ne2 Bg6 12.Nf4 Bxd3 13.Nxd3 a5 14.a3 g6 15.O-O Ne4 16.Nd2 Nxd2
17.Qxd2 Bh6 18.f3 Qg3 19.Qe2 O-O 20.Bc3 f5 21.Bd2 Bg7 22.f4 Qh4 23.Be1 Qd8
24.g4 Kh8 25.Kg2 Bf6 26.Rh1 Qe8 27.Ne5 Nxe5 28.fxe5 Bd8 29.Bg3 a4 30.b4 Ra7
31.Raf1 Raf7 32.Rf3 fxg4 33.Rxf7 gxh3+ 34.Rxh3 Qxf7 35.e4 dxe4 36.Qxe4 Qf1+
37.Kh2 Qf3 38.Qc2 Rf5 39.Qg2 Qxg2+ 40.Kxg2 Kg7 41.Rh1 h5 42.Re1 h4 43.Bh2 g5
44.Re2 Kg6 45.d5 cxd5 46.c6 Bc7 47.Rc2 g4 48.Rc5 h3+  0-1

[Event "ch-Moscow Final 2012"]
[Site "Moscow RUS"]
[Date "2012.03.17"]
[Round "8"]
[White "Shvedchikov,A"]
[Black "Dragomarezkij,E"]
[Result "1-0"]
[WhiteElo "2405"]
[BlackElo "2411"]

1.Nf3 d5 2.c4 dxc4 3.e3 g6 4.Bxc4 Bg7 5.Qb3 Nh6 6.d4 O-O 7.Nc3 Nf5 8.Nb1 Nh6
9.Nc3 Nf5 10.O-O Nd6 11.Be2 c6 12.e4 Be6 13.Qc2 Nd7 14.Rd1 Rc8 15.Ng5 Bc4
16.e5 Bxe2 17.Qxe2 Nf5 18.g4 Nh6 19.e6 Nf6 20.exf7+ Nxf7 21.Ne6 Qd7 22.Nxf8 Rxf8
23.h3 e6 24.Ne4 Nxe4 25.Qxe4 Nd6 26.Qd3 Nb5 27.Be3 Rd8 28.Qe4 Qd5 29.Qxd5 Rxd5
30.f4 Bxd4 31.Bxd4 Nxd4 32.Kf2 c5 33.Rac1 a5 34.Ke3 Kf7 35.Ke4 b6 36.Rd3 Ne2
37.Rcd1 Rxd3 38.Rxd3 Nd4 39.Rxd4 cxd4 40.Kxd4 h5 41.gxh5 gxh5 42.Ke5 Ke7
43.h4 a4 44.a3 b5 45.f5 exf5 46.Kxf5 Kd6 47.Kg5 Kd5 48.Kxh5 Kc4 49.Kg4 Kb3
50.h5 b4 51.axb4 Kxb2 52.h6  1-0

[Event "TCh-AUT 2 Ost 2011-12"]
[Site "Vienna AUT"]
[Date "2012.03.17"]
[Round "8"]
[White "Neff,G"]
[Black "Bachofner,C"]
[Result "1-0"]
[WhiteElo "2174"]
[BlackElo "2065"]

1.Nf3 d5 2.c4 c6 3.e3 Nf6 4.Nc3 e6 5.b3 Nbd7 6.Qc2 Bd6 7.Bb2 O-O 8.Be2 b6
9.Rg1 Bb7 10.g4 c5 11.g5 Ne8 12.h4 dxc4 13.bxc4 a6 14.h5 e5 15.Ne4 Qe7 16.O-O-O Nc7
17.Nh4 g6 18.f4 Bxe4 19.Qxe4 exf4 20.Qxe7 Bxe7 21.exf4 Bd6 22.Rdf1 Ne6 23.Bg4 Rad8
24.hxg6 Nd4 25.gxh7+ Kxh7 26.Nf5 Bc7 27.Rh1+ Kg8 28.Nxd4 cxd4 29.Bxd4 f6
30.Be6+ Kg7 31.gxf6+  1-0

[Event "13th EICC"]
[Site "Plovdiv BUL"]
[Date "2012.03.20"]
[Round "1.144"]
[White "Popov,Val"]
[Black "Barta,J"]
[Result "1-0"]
[WhiteElo "2546"]
[BlackElo "2148"]

1.Nf3 d5 2.c4 c6 3.e3 Nf6 4.Nc3 e6 5.b3 Nbd7 6.Qc2 b6 7.cxd5 Nxd5 8.Bb2 Nb4
9.Qb1 c5 10.a3 Nc6 11.d4 cxd4 12.exd4 Nf6 13.Bb5 Bd7 14.d5 exd5 15.O-O Be7
16.Nxd5 Kf8 17.Rd1 Rc8 18.Ba6 Rb8 19.Be5 Nxe5 20.Nxe5 Bc8 21.Nxf6 Qxd1+ 22.Qxd1 Bxf6
23.Qd6+  1-0

[Event "13th EICC"]
[Site "Plovdiv BUL"]
[Date "2012.03.21"]
[Round "2.104"]
[White "Neverov,V"]
[Black "Ojagverdiyev,Z"]
[Result "1-0"]
[WhiteElo "2544"]
[BlackElo "2050"]

1.Nf3 d5 2.c4 e6 3.b3 Nf6 4.g3 b6 5.Bg2 Bb7 6.O-O Be7 7.Bb2 O-O 8.e3 Nbd7
9.Nc3 Ne4 10.Ne2 Bf6 11.d4 Re8 12.Nd2 Nd6 13.Rc1 dxc4 14.Bxb7 Nxb7 15.Nxc4 c5
16.Nc3 cxd4 17.exd4 Be7 18.d5 exd5 19.Nxd5 Nf6 20.Nce3 Nc5 21.Qf3 Nxd5 22.Nxd5 Bg5
23.Rc4 Ne6 24.Rd1 Qb8 25.Rg4 h5 26.Re4 Qc8 27.Rc4 Qa6 28.Nb4 Qa5 29.Rd7 Rf8
30.Rxf7 b5 31.Rxf8+ Rxf8 32.Qd5 Kh8 33.Re4 Qb6 34.Re2 Re8 35.Nc6 Nc7 36.Qxg5  1-0

[Event "13th EICC"]
[Site "Plovdiv BUL"]
[Date "2012.03.21"]
[Round "2.121"]
[White "Jianu,V"]
[Black "Lederman,L"]
[Result "1-0"]
[WhiteElo "2497"]
[BlackElo "2296"]

1.Nf3 d5 2.c4 c6 3.d4 Nf6 4.e3 Bf5 5.Nc3 e6 6.Nh4 Bg4 7.Qb3 Qc7 8.h3 Bh5
9.g4 Bg6 10.g5 Nfd7 11.Nxg6 hxg6 12.e4 dxe4 13.Nxe4 Rh4 14.Bg2 Na6 15.O-O Be7
16.Qg3 Qxg3 17.fxg3 Rh8 18.Bf4 Nb6 19.b3 Rd8 20.Rad1 Nc8 21.Be5 Rg8 22.Rd2 Rd7
23.Rdf2 Bd8 24.a3 Bc7 25.b4 Bxe5 26.dxe5 Nb8 27.b5 Rc7 28.c5 cxb5 29.Nd6+ Nxd6
30.cxd6 Rc5 31.Rxf7 Nd7 32.Bxb7 Kd8 33.Be4 Rxe5 34.Bc6  1-0

[Event "ch-Moscow w 2012"]
[Site "Moscow RUS"]
[Date "2012.03.22"]
[Round "6"]
[White "Dogodkina,J"]
[Black "Vlasova,D"]
[Result "1-0"]
[WhiteElo "2161"]
[BlackElo "1879"]

1.Nf3 d5 2.c4 e6 3.d4 Be7 4.Nc3 Nf6 5.Bg5 O-O 6.Qc2 b6 7.e3 Bb7 8.Bd3 h6
9.Bh4 c5 10.O-O-O Nbd7 11.Kb1 Rc8 12.Qe2 a6 13.Bc2 dxc4 14.Ne5 Nxe5 15.dxe5 Nd5
16.Bxe7 Nxc3+ 17.bxc3 Qxe7 18.Qxc4 Rfd8 19.Qf4 c4 20.Rd6 Rxd6 21.exd6 Qg5
22.Qxg5 hxg5 23.Rd1 Rd8 24.Rd4 b5 25.f3 Bc6 26.a4 Kf8 27.Ka2 Ke8 28.Ka3 Kd7
29.a5 Rc8 30.Kb4 Bb7 31.Rg4 Kxd6 32.Rxg5 g6 33.Rg4 e5 34.Rg5 Rh8 35.h3 Rh6
36.f4 e4 37.Re5 Bc6 38.Bxe4 f6 39.Bxc6 fxe5 40.Bb7 exf4 41.exf4 Rh5 42.Bxa6 Kc6
43.Bc8 Rd5 44.Bg4 Rd3 45.Bf3+ Kc7 46.Be4 Re3 47.Bxg6 Kb7 48.Kxb5 Rxc3 49.Bf7 Rb3+
50.Kxc4 Rb2 51.Kd4 Ka6 52.Bd5 Kxa5 53.h4 Kb6 54.h5 Rb1 55.g4 Rd1+ 56.Ke5 Kc5
57.Bf7 Re1+ 58.Kf6 Re4 59.Kf5 Re7 60.Kg6 Re4 61.h6 Rxf4 62.g5 Kd6 63.h7 Rh4
64.Kg7 Ke7 65.g6  1-0

[Event "13th EICC"]
[Site "Plovdiv BUL"]
[Date "2012.03.23"]
[Round "4.89"]
[White "Mista,A"]
[Black "Baltag,I"]
[Result "1/2-1/2"]
[WhiteElo "2587"]
[BlackElo "2420"]

1.Nf3 d5 2.c4 c6 3.e3 Nf6 4.d4 Bf5 5.Nc3 e6 6.Nh4 Be4 7.f3 Bg6 8.Qb3 Qb6
9.Nxg6 hxg6 10.Bd2 Nbd7 11.O-O-O Qxb3 12.axb3 Bd6 13.h3 a6 14.Bd3 O-O-O 15.g4 Bc7
16.Kb1 Kb8 17.cxd5 Nxd5 18.Ne2 Bd6 19.f4 c5 20.Be4 N7f6 21.Bc2 cxd4 22.Nxd4 Bc5
23.Bc1 Nb4 24.g5 Bxd4 25.exd4 Nfd5 26.Be4 Rh4 27.Bd2 Rdh8 28.Bg2 Nc6 29.Be1 R4h7
30.Rd3 Nce7 31.Bg3 Nf5 32.Re1 Rd8 33.Bxd5 Rxd5 34.Bf2 Rh8 35.Re5 Rhd8 36.Rd1 R5d7
37.Re2 Rd6 38.Red2 Rd5 39.h4 R8d6 40.Rd3 Rd8 41.R3d2 R8d7  1/2-1/2

[Event "13th EICC"]
[Site "Plovdiv BUL"]
[Date "2012.03.23"]
[Round "4.92"]
[White "Maze,S"]
[Black "Froewis,G"]
[Result "1-0"]
[WhiteElo "2577"]
[BlackElo "2407"]

1.Nf3 d5 2.c4 c6 3.Qc2 Nf6 4.d4 dxc4 5.Qxc4 Bg4 6.Nbd2 Nbd7 7.g3 e6 8.Bg2 Be7
9.O-O O-O 10.h3 Bh5 11.Nb3 a5 12.a4 Bg6 13.Bf4 Nd5 14.Bd2 Nb4 15.Bxb4 Bxb4
16.Nh4 Qb6 17.Nxg6 hxg6 18.e3 Nf6 19.Nc1 Rac8 20.Nd3 c5 21.dxc5 Bxc5 22.Rac1 Bd6
23.Qxc8 Rxc8 24.Rxc8+ Kh7 25.Rfc1 g5 26.g4 Qb3 27.R8c3 Qxa4 28.Bxb7 Qb5 29.Bc6 Qb6
30.Bf3 Qb5 31.Bc6 Qb6 32.Kg2 Bb8 33.Rc5 Qd8 34.Ne1 Ba7 35.R5c2 Nd5 36.Bxd5 Qxd5+
37.Nf3 e5 38.Rd2 Qb7 39.Rcd1 f6 40.Rd7 Qb3 41.R1d3 Qb5 42.R3d5 Qc4 43.Nd2 Qc6
44.Ne4 Kg6 45.Ng3 Bc5 46.Nf5  1-0

[Event "13th EICC"]
[Site "Plovdiv BUL"]
[Date "2012.03.23"]
[Round "4.84"]
[White "Arnaudov,G"]
[Black "Ponkratov,P"]
[Result "1/2-1/2"]
[WhiteElo "2476"]
[BlackElo "2607"]

1.Nf3 d5 2.c4 d4 3.b4 g6 4.Bb2 Bg7 5.d3 e5 6.g3 c5 7.bxc5 Nc6 8.Bg2 Nf6 9.O-O O-O
10.Nbd2 Qe7 11.Nb3 Bf5 12.Qd2 Rad8 13.Na5 Qc7 14.Nxc6 bxc6 15.Nh4 Bc8 16.e4 dxe3
17.Qxe3 Rfe8 18.h3 Nd7 19.Rfe1 Bf8 20.d4 Bg7 21.Nf3 e4 22.Ne5 Nxe5 23.dxe5 Bxe5
24.Bxe5 Rxe5 25.Rad1 Rde8 26.Qd4 f5 27.Qd6 Qa5 28.Qxc6 Qxc5 29.Qxc5 Rxc5
30.f3 Rxc4 31.fxe4 fxe4 32.Bxe4 Kf8 33.Bd5 Rc3 34.Rxe8+ Kxe8 35.Kf2 Rc2+
36.Ke3 Bxh3 37.Rh1 Bg2 38.Bxg2 Rxg2 39.Kf3 Rxa2 40.Rxh7 a5 41.Rg7 g5 42.g4 Kf8
43.Rc7  1/2-1/2